| 000 | 01022na a2200313 4500 | ||
|---|---|---|---|
| 001 | 22823 | ||
| 003 | MIRAKIL | ||
| 005 | 20181213155053.0 | ||
| 008 | 170226b tu 000 0 | ||
| 040 |
_aMilas _btur _cTR-AnCHP |
||
| 041 | _atur | ||
| 082 |
_aCHP 341.522 _bH21u 1999 |
||
| 090 | _aCHP 341.522 H21u 1999 | ||
| 091 | _aRAPORLAR-HUKUK-3-ANAYASA | ||
| 100 | _aHacaloğlu, Algan | ||
| 245 |
_aUluslararası tahkim ile ilgili olarak anayasanın 47., 125. ve 155. maddelerinde değişiklik öngören yasa tasarısı hakkında bilgilendirme ve tartışma notu _cAlgan Hacaloğlu |
||
| 260 |
_a[Ankara] _b[CHP] _c25 Temmuz 1999 |
||
| 300 |
_a18 s. _c30 sm. |
||
| 610 |
_aCHP _xAnayasa değişikliği _yRaporlar |
||
| 610 |
_aCHP _xHukuk ve mevzuat _yRaporlar |
||
| 610 |
_aCHP _xTahkim _yRaporlar |
||
| 650 | _aAnayasa hukuku | ||
| 650 | _aUluslararası tahkim | ||
| 650 | _aUluslararası hukuk | ||
| 650 | _aTahkim | ||
| 830 | _aCHP raporları | ||
| 942 |
_2ddc _cBKS |
||
| 999 |
_c6025 _d6025 |
||